=LDR 00000nam 2200000 4500 =001 INLIS000000000016932 =005 20130612112141 =008 ***********************************Ind** =035 ##$$0010-061300000016932 =041 ##$$a Ind =082 ##$$a 2x4.124 =090 ##$$a 2x4.124, Asr k =100 ##$$a Asrori, A.M Ibnu =245 ##$$a Khotbah jum'at, Fabilitas moral islam (paket satu tahun), A.M Ibnu Asrori =260 ##$$a 2001 $b Rurabaya =300 ##$$a vii, 315 hlm, 21 cm =650 ##$$a Khotbah Shalat Jumat =850 ##$$a NBPNMAT =990 ##$$a 86088608 =990 ##$$a 01201808608